Camino al futuro

Guardado en:
Detalles Bibliográficos
Autor principal: Gates, Bill (Autor)
Formato: Libro
Lenguaje:español
Publicado: Madrid McGraw Hill 1996
Edición:2a. ed
Materias:
Etiquetas: Agregar Etiqueta
Sin Etiquetas, Sea el primero en etiquetar este registro!

MARC

LEADER 00000cam a2200000 a 4500
001 UCM6695
003 CL-VaPUC
008 021122e19960000SP |||||||||||||||||spa|d
020 |a 8448110811 
082 0 4 |a 384.3  |b GAT  |2 21 
100 0 |a Gates, Bill  |e author  |9 254821 
245 1 0 |a Camino al futuro 
250 |a 2a. ed 
300 |a 324 p 
942 |c BK 
945 |d 20021122 00:00:00  |a vberengu 
260 |a Madrid  |b McGraw Hill  |c 1996 
650 0 |a Tecnología de la información   |9 254825 
650 0 |a Redes de información  |9 230208 
650 0 |a Internet   |9 254823 
650 0 |a Telecomunicaciones   |9 257195 
583 |a last modification  |c 20170227 01:12:22  |k Rodrigo Vera 
999 |c 301928  |d 301926 
952 |0 0  |1 0  |2 ddc  |4 0  |6 384_300000000000000_GAT_1996  |7 0  |8 A  |9 361749  |a BIBING  |b BIBING  |c GEN  |d 2019-11-21  |i 3838978  |o 384.3 GAT 1996  |p 3838978  |r 2025-01-20  |w 2019-11-21  |y BK  |k EIB 
952 |0 0  |1 0  |2 ddc  |4 0  |6 384_300000000000000_GAT_1996  |7 0  |8 A  |9 361750  |a BIBING  |b BIBING  |c RES  |d 2019-11-21  |i 3838986  |o 384.3 GAT 1996  |p 3838986  |r 2025-01-20  |w 2019-11-21  |y BK  |k EIB 
952 |0 0  |1 0  |2 ddc  |4 0  |6 384_300000000000000_GAT_1996  |7 0  |8 A  |9 361751  |a BIBING  |b BIBING  |c GEN  |d 2019-11-21  |i 3838994  |o 384.3 GAT 1996  |p 3838994  |r 2025-01-20  |w 2019-11-21  |y BK  |k EIB 
952 |0 0  |1 0  |3 erb  |4 0  |6 384_300000000000000_GAT_1996  |7 0  |8 A  |9 361752  |a BIBENE  |b BIBENE  |i 5328888  |o 384.3 GAT 1996  |p 5328888  |r 2025-01-15  |w 2019-11-21  |y BK  |z Catalogado en:20170303  |k ICO